The mexican people and their detractors... / (Record no. 68668)

MARC details
000 -LEADER
campo de control de longitud fija 00846nam a2200229 i 4500
001 - NÚMERO DE CONTROL
campo de control 68668
003 - IDENTIFICADOR DE NÚMERO DE CONTROL
campo de control ES-MaACL
005 - FECHA Y HORA DE LA ÚLTIMA TRANSACCIÓN
campo de control 20230906170331.0
007 - CAMPO FIJO DE DESCRIPCIÓN FÍSICA--INFORMACIÓN GENERAL
campo de control de longitud fija t|
008 - DATOS DE LONGITUD FIJA--INFORMACIÓN GENERAL
campo de control de longitud fija 040705s1916 xxu ||||1| eng d
100 1# - ENTRADA PRINCIPAL--NOMBRE DE PERSONA
Nombre de persona González Roa, Fernando.
9 (RLIN) 58915
245 14 - MENCIÓN DEL TÍTULO
Título The mexican people and their detractors... /
Mención de responsabilidad, etc. by Fernando González Roa.
260 ## - PUBLICACIÓN, DISTRIBUCIÓN, ETC.
Lugar de publicación, distribución, etc. New York :
Nombre del editor, distribuidor, etc. [Latin-American News Association,
Fecha de publicación, distribución, etc. 1916?]
300 ## - DESCRIPCIÓN FÍSICA
Extensión 92 p. ;
Dimensiones 23 cm.
500 ## - NOTA GENERAL
Nota general La segunda parte del libro consiste principalmente en la crítica de Francisco Bulnes' Whole truth about Mexico.
651 #4 - PUNTO DE ACCESO ADICIONAL DE MATERIA--NOMBRE GEOGRÁFICO
Nombre geográfico México-
Subdivisión general Política agraria.
9 (RLIN) 9070
651 #4 - PUNTO DE ACCESO ADICIONAL DE MATERIA--NOMBRE GEOGRÁFICO
Nombre geográfico México-
Subdivisión general Situación económica.
9 (RLIN) 150095
651 #4 - PUNTO DE ACCESO ADICIONAL DE MATERIA--NOMBRE GEOGRÁFICO
Nombre geográfico México-
Subdivisión general Historia-
Subdivisión geográfica 1910-1946.
9 (RLIN) 9066
700 0# - ENTRADA AGREGADA--NOMBRE PERSONAL
Nombre de persona Bulnes, Francisco.
9 (RLIN) 32528
852 ## - LOCALIZACIÓN
Ubicación ES-MaACL
Número de control de estantería 1688-F-3
Sublocalización o colección R.5105
852 ## - LOCALIZACIÓN
Ubicación ES-MaACL
Número de control de estantería 1544-F-1
Holdings
Estatus retirado Estado de pérdida Estado de daño No para préstamo Colección Biblioteca de origen Biblioteca actual Ubicación en estantería Fecha de adquisición Fuente de adquisición Total de préstamos Signatura topográfica completa Código de barras Visto por última vez Precio de reemplazo Tipo de ítem Koha
        Colección de folletos Biblioteca del Ateneo de Madrid Biblioteca del Ateneo de Madrid Depósito folletos 17/01/2008     1544-F-1 1071891 23/02/2023 23/02/2023 Folleto
        Colección de folletos Biblioteca del Ateneo de Madrid Biblioteca del Ateneo de Madrid Depósito folletos 17/01/2008     1688-F-3 1071890 23/02/2023 23/02/2023 Folleto